Fuzzy structured query language (SQL) for statistical databases supporting paper : working paper no. 12 : meeting on the Management of statistical information systems (MSIS 2008) : Luxembourg, 7-9 april 2008
Salvato in:
| Autore principale: | |
|---|---|
| Enti autori: | , , |
| Natura: | Libro |
| Lingua: | inglese |
| Pubblicazione: |
Geneva
United Nations Economic Commission for Europe
2008
|
| Soggetti: | |
| Tags: |
Nessun Tag, puoi essere il primo ad aggiungerne!!
|
MARC
| LEADER | 00000nam a2200000 4500 | ||
|---|---|---|---|
| 001 | 0191094 | ||
| 005 | 20240502083443.1 | ||
| 041 | 0 | |a eng | |
| 044 | |a CH | ||
| 245 | 1 | 0 | |a Fuzzy structured query language (SQL) for statistical databases |b supporting paper : working paper no. 12 : meeting on the Management of statistical information systems (MSIS 2008) : Luxembourg, 7-9 april 2008 |c prepared by Miroslav Hudec |
| 264 | 1 | |a Geneva |b United Nations Economic Commission for Europe |c 2008 | |
| 300 | |a 10 s. |e príl. | ||
| 610 | 2 | 0 | |a štatistika |
| 610 | 2 | 0 | |a údaje štatistické |
| 610 | 2 | 0 | |a dáta |
| 100 | 1 | |a Hudec, Miroslav, 1969- | |
| 110 | 2 | |a Management of statistical information systems. Meeting | |
| 710 | 2 | |a Eurostat | |
| 710 | 2 | |a OECD. Statistics Directorate | |